Tratado de responsabilidad médica: responsabilidad civi, penal y hospitalaria

Tallennettuna:
Bibliografiset tiedot
Päätekijä: López Mesa, Marcelo J. (autor)
Aineistotyyppi: Kirja
Kieli:espanja
Julkaistu: Bogotá Legis 2007
Aiheet:
Tagit: Lisää tagi
Ei tageja, Lisää ensimmäinen tagi!

MARC

LEADER 00000nam a2200000 a 4500
001 UCI2606
003 CL-VaPUC
008 070831e20070000CK |||||||||||||||||spa|d
020 |a 9789871221233 
082 0 4 |a 344.041  |b LOP  |2 21 
100 |a López Mesa, Marcelo J.  |e autor  |9 579964 
245 1 0 |a Tratado de responsabilidad médica: responsabilidad civi, penal y hospitalaria 
300 |a 822 p 
942 |c BK 
945 |d 20070831 00:00:00  |a jtorresc 
260 |a Bogotá  |b Legis  |c 2007 
650 7 |a DERECHO MEDICO  |2 CL-VaPUC  |9 398998 
650 0 |a Ética médica  |9 312024 
650 0 |a Médicos   |9 339460 
650 0 |a Responsabilidad médica   |9 357519 
650 7 |a RESPONSABILIDAD CIVIL  |2 CL-VaPUC  |9 523657 
583 |a last modification  |c 20070831 00:00:00  |k Rodrigo Vera 
999 |c 327093  |d 327091 
952 |0 0  |1 0  |4 0  |6 344_041000000000000_LOP_2007  |7 0  |8 A  |9 409525  |a BIBDER  |b BIBDER  |d 2019-11-22  |i 4367901  |l 3  |m 2  |o 344.041 LOP 2007  |p 4367901  |q 2025-12-31  |r 2024-09-10  |s 2024-09-10  |w 2019-11-22  |y BK  |k DER